[Event "16th Voronezh Master Open"]
[Site "Voronezh RUS"]
[Date "2012.06.21"]
[Round "9.14"]
[White "Shaposhnikov,E"]
[Black "Khanin,S"]
[Result "1-0"]
[WhiteElo "2551"]
[BlackElo "2172"]

1.e4 c5 2.Nf3 d6 3.d4 cxd4 4.Nxd4 Nf6 5.Nc3 a6 6.g3 e5 7.Nb3 Be6 8.Bg2 Be7
9.O-O Nbd7 10.a4 O-O 11.Re1 Rc8 12.Nd2 Bg4 13.Bf3 Be6 14.Nf1 Nb6 15.Ne3 Nc4
16.Nf5 Bxf5 17.exf5 Qd7 18.Qd3 Rfd8 19.Nd5 Nxd5 20.Bxd5 Nb6 21.Bb3 d5 22.Rxe5 Bf6
23.Re1 Nc4 24.Bxc4 Rxc4 25.a5 Re4 26.Rxe4 dxe4 27.Qxd7 Rxd7 28.Be3 Bxb2 29.Ra4 Re7
30.Rc4 h6 31.g4 Bf6 32.Rc8+ Kh7 33.Bc5 Rd7 34.Bb6 Bg5 35.Kf1 Bf4 36.h4 Be5
37.Ke2 Bf6 38.h5 Bg5 39.Rf8 Bf4 40.Rc8 Rd2+ 41.Ke1 Rd5 42.c4 Rd3 43.Re8 Bd2+
44.Ke2 Bb4 45.Rxe4 Ra3 46.Re5 Rc3 47.c5 f6 48.Re4 Ba3 49.Re3 Rc2+ 50.Kd1 Rc1+
51.Kd2 Ra1 52.Rb3 Bc1+ 53.Kd3 Ra2 54.Bc7 Rd2+ 55.Kc4 Rxf2 56.Rxb7 Ba3 57.c6 Rc2+
58.Kb3 Rxc6 59.Kxa3 Rc4 60.Bd6 Rxg4 61.Bf8 Kg8 62.Rxg7+ Rxg7 63.Bxg7 Kxg7
64.Kb4  1-0

[Event "HSC/De Legibus Open"]
[Site "Helmond NED"]
[Date "2012.06.30"]
[Round "3.4"]
[White "Sprenger,J"]
[Black "Van Oosterom,C"]
[Result "1-0"]
[WhiteElo "2498"]
[BlackElo "2380"]

1.e4 c5 2.Nf3 d6 3.d4 cxd4 4.Nxd4 Nf6 5.Nc3 a6 6.g3 e5 7.Nde2 b5 8.Bg2 Bb7
9.O-O Nbd7 10.Nd5 Nxd5 11.exd5 Nb6 12.b3 Rc8 13.Be3 Be7 14.Qd2 O-O 15.a4 bxa4
16.Qb4 Nxd5 17.Qxb7 Nxe3 18.fxe3 Rxc2 19.Qxa6 axb3 20.Rab1 Ra2 21.Qd3 d5
22.Nc3 e4 23.Qxd5 Bg5 24.Qxb3 Bxe3+ 25.Kh1 Ra6 26.Nxe4 Ba7 27.Qc4 Rh6 28.Rb7  1-0

[Event "7th Vladimir Dvorkovich Cup"]
[Site "Moscow RUS"]
[Date "2012.07.04"]
[Round "5.9"]
[White "Oparin,G"]
[Black "Duda,J"]
[Result "1/2-1/2"]
[WhiteElo "2494"]
[BlackElo "2421"]

1.e4 c5 2.Nf3 d6 3.d4 cxd4 4.Nxd4 Nf6 5.Nc3 a6 6.g3 Nc6 7.Bg2 Bd7 8.O-O e6
9.Nce2 Rc8 10.b3 b5 11.Bb2 Be7 12.Qd2 O-O 13.Rac1 Nxd4 14.Nxd4 Qb6 15.h3 Rfd8
16.Kh2 Bf8 17.Ne2 e5 18.f4 Bc6 19.Nc3 Re8 20.fxe5 dxe5 21.Nd5 Bxd5 22.exd5 Bc5
23.Rce1 Qd6 24.Rf5 Nd7 25.Ref1 f6 26.Rh5 Nf8 27.Rh4 Rc7 28.a4 b4 29.c3 a5
30.Rc1 bxc3 31.Bxc3 Bb6 32.Rc4 Rxc4 33.bxc4 e4 34.Bxa5 Bc5 35.Qf4 Qxf4 36.gxf4 Be3
37.Re1 Bxf4+ 38.Kh1 f5 39.Bb6 Nd7 40.c5 Rc8 41.Rf1 g5 42.h4 Nxc5 43.Bxc5 Rxc5
44.hxg5 Rc1 45.Rxc1 Bxc1 46.a5 Bxg5 47.a6 Be3 48.Bh3 Ba7 49.Bxf5 e3 50.Bg4 Kf7
51.d6 h5 52.Bxh5+  1/2-1/2

[Event "7th Vladimir Dvorkovich Cup"]
[Site "Moscow RUS"]
[Date "2012.07.06"]
[Round "7.5"]
[White "Oparin,G"]
[Black "Eliseev,U"]
[Result "1-0"]
[WhiteElo "2494"]
[BlackElo "2485"]

1.e4 c5 2.Nf3 d6 3.d4 cxd4 4.Nxd4 Nf6 5.Nc3 a6 6.g3 e5 7.Nb3 Be7 8.Bg2 b5
9.a4 b4 10.Nd5 Nxd5 11.Qxd5 Ra7 12.Be3 Be6 13.Qd2 Rb7 14.a5 O-O 15.O-O Qc7
16.Rfc1 Nd7 17.Bf1 Bc4 18.Bxc4 Qxc4 19.Qd3 Rc8 20.Nd2 Qb5 21.f3 Nf6 22.Bb6 Qc6
23.c3 Nd7 24.Be3 h6 25.h4 Rb5 26.c4 Rb7 27.Qd5 Bd8 28.Qxc6 Rxc6 29.Kf2 Kf8
30.Ke2 Bc7 31.Nb3 Ke7 32.Ra4 Bb8 33.Rc2 Bc7 34.Nc1 Nc5 35.Bxc5 dxc5 36.Nb3 Bd6
37.Ra1 Rb8 38.Nd2 Ke6 39.Nf1 h5 40.Ne3 g6 41.Rd2 Rf8 42.Rd5 f5 43.Rg1 fxe4
44.fxe4 Be7 45.Rgd1 Rc7 46.Ng2 g5 47.hxg5 Rg8 48.Ne3 Rxg5 49.Kf3 Rg8 50.Rh1 Rg5
51.Nf5 Kf6 52.b3 Rb7 53.Rd2 Ra7 54.Ne3 Kf7 55.Rd5 Ke6 56.Rd2 Ra8 57.Nf5 Rd8
58.Rxd8 Bxd8 59.Rd1 Bxa5 60.Rd6+ Kf7 61.Rxa6 Bd8 62.Rc6 Rg6 63.Rxc5 Ra6 64.Rb5 Ba5
65.Rxe5 Bb6 66.Rb5 Ba7 67.Kf4 Ra2 68.Ke5 Bf2 69.Rb7+ Ke8 70.Ke6 Ba7 71.e5 Kf8
72.Kf6  1-0

[Event "Int Open ch-SVK 2012"]
[Site "Banska Stiavnica SVK"]
[Date "2012.07.07"]
[Round "1.8"]
[White "Leniart,A"]
[Black "Bury,R"]
[Result "1-0"]
[WhiteElo "2472"]
[BlackElo "2080"]

1.e4 c5 2.Nc3 d6 3.Nf3 Nf6 4.d4 cxd4 5.Nxd4 a6 6.g3 e5 7.Nde2 Nbd7 8.Bg2 b5
9.O-O Bb7 10.h3 Nc5 11.Bg5 Be7 12.Bxf6 Bxf6 13.Qd2 O-O 14.Rad1 Be7 15.Nd5 Bxd5
16.Qxd5 Qc7 17.Qd2 Nd7 18.h4 Rac8 19.Bh3 Rfd8 20.Nc3 Bf8 21.Nd5 Qc5 22.Rfe1 Rb8
23.Bxd7 Rxd7 24.a3 a5 25.Qxa5 Qxc2 26.Qb4 f5 27.Rc1 Qd3 28.Re3 Qd4 29.Qb3 Kh8
30.exf5  1-0

[Event "5th Int ch-Central Serbia 2012"]
[Site "Paracin SRB"]
[Date "2012.07.07"]
[Round "3.5"]
[White "Matsenko,S"]
[Black "Nenezic,M"]
[Result "1/2-1/2"]
[WhiteElo "2460"]
[BlackElo "2346"]

1.e4 c5 2.Nf3 d6 3.d4 cxd4 4.Nxd4 Nf6 5.Nc3 a6 6.g3 e5 7.Nb3 Nbd7 8.a4 b6
9.Bg2 Bb7 10.O-O Rc8 11.Qe2 Be7 12.Nd2 Qc7 13.Rd1 Nc5 14.Nf1 Ne6 15.Ne3 Nd4
16.Qd3 O-O 17.Bd2 Rfe8 18.Rac1 g6 19.b3 Bf8 20.Ncd5 Nxd5 21.Nxd5 Bxd5 22.exd5 a5
23.c4 Bg7 24.Be3 h5 25.h4 Nf5 26.Bd2 Rb8 27.Bc3 Qc5 28.Re1 Nd4 29.Rb1 Qa3
30.Kf1 Qc5 31.Kg1  1/2-1/2

[Event "22nd Gorges Open"]
[Site "Gorges FRA"]
[Date "2012.07.08"]
[Round "1.4"]
[White "Le Baut,D"]
[Black "Chabradze,B"]
[Result "0-1"]
[WhiteElo "1560"]
[BlackElo "2202"]

1.e4 c5 2.Nf3 d6 3.d4 cxd4 4.Nxd4 Nf6 5.Nc3 a6 6.g3 e5 7.Nb3 Bg4 8.f3 Be6
9.Bg5 Nbd7 10.Qd2 Qc7 11.O-O-O b5 12.Bg2 Be7 13.f4 O-O 14.f5 Bc4 15.Bf1 b4
16.Bxc4 bxc3 17.Qxc3 Rfc8 18.Bxf6 Nxf6 19.Bd5 Nxd5 20.exd5 Qxc3 21.bxc3 Rxc3
22.Na5 Rb8 23.Nc6 Bg5+ 24.Rd2 Rb5 25.Kd1 Rb1+  0-1

[Event "Mulhouse WIM 2012"]
[Site "Mulhouse FRA"]
[Date "2012.07.08"]
[Round "9.3"]
[White "Genova,Ly"]
[Black "Neuhauser,S"]
[Result "1-0"]
[WhiteElo "2245"]
[BlackElo "2067"]

1.e4 c5 2.Nf3 d6 3.d4 cxd4 4.Nxd4 Nf6 5.Nc3 a6 6.g3 e5 7.Nde2 Be7 8.a4 Be6
9.Bg2 O-O 10.O-O Nbd7 11.h3 Nb6 12.f4 Bc4 13.b3 Be6 14.f5 Bd7 15.Rf3 Bc6
16.Rd3 Nbd7 17.Be3 b5 18.axb5 axb5 19.Rxa8 Qxa8 20.Nd5 Nxd5 21.exd5 Bb7 22.g4 Bd8
23.Ng3 Bb6 24.Bxb6 Nxb6 25.f6 Rc8 26.Nf5 Rc5 27.fxg7 Qa2 28.Rd2 Qa8 29.Qf1 f6
30.Nxd6 Bxd5 31.Qxf6  1-0

[Event "St. Pauli Open 2012"]
[Site "Hamburg GER"]
[Date "2012.07.10"]
[Round "4.15"]
[White "Putzbach,G"]
[Black "Bildat,J"]
[Result "1/2-1/2"]
[WhiteElo "2228"]
[BlackElo "2090"]

1.e4 c5 2.Nf3 d6 3.d4 cxd4 4.Nxd4 Nf6 5.Nc3 a6 6.g3 g6 7.Bg2 Bg7 8.h3 O-O
9.Be3 Nc6 10.O-O Bd7 11.Qd2 Rc8 12.Nxc6 Bxc6 13.Bh6 b5 14.Bxg7 Kxg7 15.Nd5 e6
16.Nxf6 Qxf6 17.c3 Rfd8 18.f4 d5 19.e5 Qe7 20.Rad1 Qc5+ 21.Kh2 a5 22.a3 Qb6
23.g4 d4 24.cxd4 Bxg2 25.Kxg2 Rc4 26.Qe3 Rcxd4 27.Rxd4 Qxd4 28.Qxd4 Rxd4
29.Rf2 Rd3  1/2-1/2

[Event "6th LCT GpA 2012"]
[Site "Leiden NED"]
[Date "2012.07.10"]
[Round "5.14"]
[White "Kolodkin,Daniil"]
[Black "Spaan,N"]
[Result "1/2-1/2"]
[WhiteElo "1885"]
[BlackElo "2206"]

1.e4 c5 2.Nf3 d6 3.d4 cxd4 4.Nxd4 Nf6 5.Nc3 a6 6.g3 e5 7.Nb3 Nbd7 8.a4 Be7
9.Bg2 O-O 10.O-O b6 11.Nd2 Qc7 12.Re1 Bb7 13.Nf1 Rfe8 14.Ne3 Bf8 15.Re2 Nc5
16.Ncd5 Nxd5 17.Nxd5 Bxd5 18.Qxd5 Qd7 19.b3 Qe6 20.Qxe6 Nxe6 21.Be3 Reb8
22.Rd2 Be7 23.Bf1 Nc5 24.f3 a5 25.Bc4 Ra7 26.Bxc5 bxc5 27.Kf2  1/2-1/2

[Event "5th Int ch-Central Serbia 2012"]
[Site "Paracin SRB"]
[Date "2012.07.13"]
[Round "9.6"]
[White "Matsenko,S"]
[Black "Indjic,A"]
[Result "1-0"]
[WhiteElo "2460"]
[BlackElo "2451"]

1.e4 c5 2.Nf3 d6 3.d4 cxd4 4.Nxd4 Nf6 5.Nc3 a6 6.g3 e5 7.Nb3 Be7 8.Bg2 Bg4
9.Qd3 O-O 10.O-O Nbd7 11.Be3 Rc8 12.h3 Be6 13.Nd5 Bxd5 14.exd5 h5 15.c3 h4
16.g4 Nh7 17.f4 exf4 18.Bxf4 Bf6 19.Kh1 Be5 20.Be3 Nb6 21.Na5 Na4 22.Nc4 Bg3
23.Be4 Ng5 24.Bxg5 Qxg5 25.Bh7+ Kh8 26.Rf5 Nc5 27.Qc2 Qe7 28.Rh5 g6 29.Bxg6+ Kg8
30.Bf5 Rce8 31.Qd2 f6 32.Bh7+ Kf7 33.Bg6+ Kg8 34.Rh7 Qxh7 35.Bxh7+ Kxh7 36.Rf1 Re4
37.Ne3 Rfe8 38.Nf5 Bf4 39.Rxf4 Re1+ 40.Rf1 Rxf1+ 41.Kg2 Rxf5 42.gxf5 Re4
43.Kf3 Ra4 44.b4 Nd7 45.Kg4 Ne5+ 46.Kh5 Kg8 47.Qg2+ Kf8 48.Kh6 Nf7+ 49.Kh7 Ke7
50.Qg7  1-0

[Event "16th Battle of Senta Open A"]
[Site "Senta SRB"]
[Date "2012.07.18"]
[Round "6.3"]
[White "Matsenko,S"]
[Black "Ardeleanu,A"]
[Result "1/2-1/2"]
[WhiteElo "2460"]
[BlackElo "2335"]

1.e4 c5 2.Nf3 d6 3.d4 cxd4 4.Nxd4 Nf6 5.Nc3 a6 6.g3 e5 7.Nb3 Be7 8.Bg2 Be6
9.O-O O-O 10.h3 Nbd7 11.Be3 Rc8 12.f4 Nb6 13.fxe5 dxe5 14.Qxd8 Bxd8  1/2-1/2

[Event "Turkish Bank Chess League 2012"]
[Site "Konya TUR"]
[Date "2012.07.19"]
[Round "10"]
[White "Gurcan,A"]
[Black "Guramishvili,S"]
[Result "0-1"]
[WhiteElo "1657"]
[BlackElo "2400"]

1.e4 c5 2.Nf3 d6 3.d4 Nf6 4.Nc3 cxd4 5.Nxd4 a6 6.g3 e6 7.Bg2 Be7 8.O-O O-O
9.a4 Qc7 10.h3 Nc6 11.Nde2 Rb8 12.g4 b5 13.axb5 axb5 14.Ng3 b4 15.Nce2 d5
16.g5 Nxe4 17.Nxe4 dxe4 18.Ng3 Rd8 19.Qg4 Nd4 20.Nxe4 e5 21.Qh4 Nf5 22.Qh5 g6
23.Qf3 Nh4 24.Qe2 Nxg2 25.Kxg2 Rd4 26.f3 Bd7 27.Qf2 Qc8 28.Rh1 Bf5 29.Qe2 Rc4
30.Kg3 Rxc2 31.Qd3 b3 32.Qd5 Bxe4 33.Qxe4 Bc5 34.Qxe5 Bf2+ 35.Kf4 Rc4+  0-1

[Event "16th Battle of Senta Open A"]
[Site "Senta SRB"]
[Date "2012.07.20"]
[Round "8.5"]
[White "Zivkovic,Sava"]
[Black "Arsovic,G"]
[Result "1/2-1/2"]
[WhiteElo "2340"]
[BlackElo "2426"]

1.e4 c5 2.Nf3 d6 3.d4 cxd4 4.Nxd4 Nf6 5.Nc3 a6 6.g3 e5 7.Nb3 Be7 8.Bg2 O-O
9.O-O Qc7 10.a4 b6 11.Re1 Nbd7 12.Nd2 Bb7 13.Nf1 Rac8 14.Bg5  1/2-1/2

[Event "TCh-ESP CECLUB 2a Gp2 2012"]
[Site "Burguillos ESP"]
[Date "2012.08.09"]
[Round "2.4"]
[White "Garcia Ramos,M"]
[Black "Alshameary Puente,I"]
[Result "1/2-1/2"]
[WhiteElo "2177"]
[BlackElo "2079"]

1.e4 c5 2.Nf3 d6 3.d4 cxd4 4.Nxd4 Nf6 5.Nc3 a6 6.g3 e5 7.Nb3 Be7 8.Bg2 Nbd7
9.O-O b5 10.a3 Bb7 11.Bg5 Rc8 12.Re1 O-O 13.Bxf6 Nxf6 14.Qd3 Qb6 15.Qe3 Qc7
16.Rad1 Rfd8 17.Rd3 Ba8 18.Red1 Rb8 19.R3d2 a5 20.Qd3 a4 21.Nc1 b4 22.Nb5 Qc5
23.c4 bxa3 24.Nxa3 Rb4 25.Qc2 Rb6 26.Nd3 Qc8 27.Nc1 Bc6 28.Na2 Qa8 29.Nc3 Rb4
30.Qd3 Rb3 31.Qe2 Rxc3 32.bxc3 Nxe4 33.Rd3 f5 34.f3 Nc5 35.R3d2 Bg5 36.Rxd6 Rxd6
37.Rxd6 e4 38.f4 Be7 39.Rd1 Qa5 40.Nb5 a3 41.Qa2 Nd3 42.h3 Kf8 43.Kh2 h5
44.Rxd3 exd3 45.Bxc6 d2 46.Bf3 Qa4 47.Nxa3 Bxa3 48.Qxd2 g6 49.g4 hxg4 50.hxg4 Be7
51.gxf5 gxf5 52.Qd3 Qa2+ 53.Kg3 Kg7 54.Qxf5 Qxc4 55.Qg4+ Kf8 56.Qf5+ Kg7
57.Qe4 Qc5 58.Qd4+ Qxd4 59.cxd4 Kf6 60.Be4 Ke6 61.Kf3 Kf6 62.Bb7 Bd6 63.Ke4 Ke6
64.Bc8+ Kf6 65.f5 Ke7 66.Kd5 Bf4 67.Be6 Bh2 68.Ke4  1/2-1/2

[Event "2nd Split Open 2012"]
[Site "Split CRO"]
[Date "2012.08.13"]
[Round "3.14"]
[White "Srbis,J"]
[Black "Foglia,M"]
[Result "1-0"]
[WhiteElo "2298"]
[BlackElo "2204"]

1.e4 c5 2.Nf3 d6 3.d4 cxd4 4.Nxd4 Nf6 5.Nc3 a6 6.g3 e5 7.Nb3 Be6 8.Bg2 Nbd7
9.O-O b5 10.Re1 b4 11.Nd5 Bxd5 12.exd5 Be7 13.a3 bxa3 14.Rxa3 a5 15.Be3 a4
16.Qa1 Nb6 17.Bxb6 Qxb6 18.Rxa4 Rc8 19.Ra6 Qb5 20.Ra7 Bd8 21.Nd4 Qc5 22.Qa4+ Kf8
23.Nb3 Qb6 24.Ra6 Qb8 25.Bh3 Rxc2 26.Nd4 exd4 27.Ra8 Qb6 28.Qxc2 g6 29.Qc6 Kg7
30.Qxb6 Bxb6 31.Rxh8 Kxh8 32.Bg2 Kg7 33.b4 Ng4 34.h3 Ne5 35.Rd1 g5 36.Bf1 f5
37.Ra1 d3 38.Rd1 Kf6 39.Bxd3 h5 40.Be2 h4 41.gxh4 gxh4 42.Ra1 Bd4 43.Ra6 Ke7
44.b5 Nd7 45.Ra4 Bb6 46.Rxh4 Nc5 47.Kg2 Ne4 48.Bf3 Nxf2 49.Rh7+ Kd8 50.Rf7 Nd3
51.Rxf5  1-0

[Event "46th Mislata Magistral"]
[Site "Mislata ESP"]
[Date "2012.08.14"]
[Round "3.3"]
[White "Garcia Martinez,S"]
[Black "Garcia,Jh"]
[Result "0-1"]
[WhiteElo "2319"]
[BlackElo "2365"]

1.e4 c5 2.Nf3 d6 3.d4 cxd4 4.Nxd4 Nf6 5.Nc3 a6 6.g3 e5 7.Nb3 Be7 8.Bg2 Be6
9.O-O O-O 10.Re1 Nbd7 11.a4 Nb6 12.a5 Nc4 13.h3 b5 14.axb6 Qxb6 15.Qd3 Rfc8
16.Nd5 Nxd5 17.exd5 Bd7 18.Nd4 exd4 19.Rxe7 Ne5 20.Qd1 Kf8 21.Rxd7 Nxd7 22.b3 Ne5
23.Ra4 Kg8 24.Be4 g6 25.Bb2 f6 26.Bxd4 Qc7 27.Bg2  0-1

[Event "2nd Split Open 2012"]
[Site "Split CRO"]
[Date "2012.08.15"]
[Round "5.42"]
[White "Katavic,B"]
[Black "Sand,R"]
[Result "1-0"]
[WhiteElo "2182"]
[BlackElo "1974"]

1.Nf3 c5 2.e4 d6 3.d4 cxd4 4.Nxd4 Nf6 5.Nc3 a6 6.g3 Bd7 7.Bg2 Nc6 8.O-O e6
9.a4 Be7 10.Nb3 O-O 11.f4 Rb8 12.Be3 b5 13.a5 Qc7 14.g4 h6 15.h4 g5 16.fxg5 hxg5
17.Bxg5 Qd8 18.Bh6 Re8 19.g5 Nh7 20.Rxf7 Kxf7 21.Qh5+  1-0

[Event "LBV Open A 2012"]
[Site "Roosendaal NED"]
[Date "2012.08.17"]
[Round "2.15"]
[White "Sprenger,J"]
[Black "Senders,Mischa"]
[Result "1-0"]
[WhiteElo "2498"]
[BlackElo "1936"]

1.e4 c5 2.Nf3 d6 3.d4 cxd4 4.Nxd4 Nf6 5.Nc3 a6 6.g3 e5 7.Nde2 b5 8.Bg2 Nbd7
9.O-O Be7 10.h3 O-O 11.g4 b4 12.Nd5 Nxd5 13.exd5 Bg5 14.f4 exf4 15.Bxf4 Bxf4
16.Rxf4 Qb6+ 17.Qd4 a5 18.Qxb6 Nxb6 19.Nd4 Bd7 20.Nc6 Rfe8 21.a3 bxa3 22.Rxa3 Re2
23.Rb3 Rxg2+ 24.Kxg2 Nxd5 25.Rc4 Be6 26.Ra4 Bd7 27.Rxa5 Re8 28.Nd4 Ne3+ 29.Kf2 Nc4
30.Ra7 Ne5 31.Rbb7  1-0

[Event "2nd Split Open 2012"]
[Site "Split CRO"]
[Date "2012.08.17"]
[Round "7.5"]
[White "Srbis,J"]
[Black "Gagarin,V"]
[Result "1/2-1/2"]
[WhiteElo "2298"]
[BlackElo "2372"]

1.e4 c5 2.Nf3 d6 3.d4 cxd4 4.Nxd4 Nf6 5.Nc3 a6 6.g3 e5 7.Nb3 Be7 8.Bg2 b5
9.a4 b4 10.Nd5 Nxd5 11.Qxd5 Ra7 12.Be3 Be6 13.Qd2 Rb7 14.a5 Nd7 15.Bf1 Qa8
16.Bd3 d5 17.exd5 Bxd5 18.O-O Rb8 19.Rad1 Bc6 20.Be4 Rd8 21.Bxc6 Qxc6 22.Qd5 Qxc2
23.Rd2 Qc8 24.Rc1 Qa8 25.Rc7 Qxd5 26.Rxd5 f6 27.Ra7 Nb8 28.Rxd8+ Bxd8 29.Rxg7 Be7
30.Bc5 Nc6 31.Bxe7 Nxe7 32.Nc5 h5 33.g4 Kf8 34.Ne6+ Ke8 35.gxh5 Rxh5 36.Rg4 Kf7
37.Nc7 Rg5 38.Rxg5 fxg5 39.Nxa6 Nc6 40.Kf1 Kf6 41.Ke2 Kf5 42.f3 b3 43.Nc5  1/2-1/2

[Event "EY Girls U18 2012"]
[Site "Prague CZE"]
[Date "2012.08.18"]
[Round "2.29"]
[White "Grigoryan,Julieta"]
[Black "Cormican,Ruth"]
[Result "1-0"]
[WhiteElo "1838"]
[BlackElo "1654"]

1.e4 c5 2.Nf3 d6 3.d4 cxd4 4.Nxd4 Nf6 5.Nc3 a6 6.g3 Nbd7 7.Bg2 e6 8.O-O Be7
9.Nb3 O-O 10.Qe2 Rb8 11.a4 b6 12.Rd1 Qc7 13.f4 Nc5 14.Be3 Bb7 15.Bf2 Rfd8
16.Rd2 Qc6 17.Bxc5 dxc5 18.e5 Nd5 19.Nxd5 exd5 20.c4 Qe6 21.f5 Qxf5 22.cxd5 Bf8
23.Rf1 Qc8 24.Nc1 c4 25.Kh1 Qc5 26.d6 Bxg2+ 27.Kxg2 Qc6+ 28.Qf3 Qd7 29.Rdf2 f6
30.exf6 gxf6 31.Qxf6 Bxd6 32.Qg5+ Kh8 33.Rf7 Qc6+ 34.R1f3 Bf8 35.Qe5+ Kg8
36.Ne2 Qd6 37.Qe4 Qd5 38.Qxh7+  1-0

[Event "LBV Open A 2012"]
[Site "Roosendaal NED"]
[Date "2012.08.18"]
[Round "5.9"]
[White "Sprenger,J"]
[Black "Bosboom,M"]
[Result "0-1"]
[WhiteElo "2498"]
[BlackElo "2383"]

1.e4 c5 2.Nf3 d6 3.d4 cxd4 4.Nxd4 Nf6 5.Nc3 a6 6.g3 Nc6 7.Bg2 Bg4 8.Nxc6 bxc6
9.Qd3 e5 10.O-O Nd7 11.f4 a5 12.Be3 Nc5 13.Qd2 Rb8 14.Qf2 Nd7 15.h3 Be6 16.b3 f6
17.Rad1 Be7 18.g4 exf4 19.Bxf4 Ne5 20.Ne2 h5 21.Nd4 Qc8 22.Nf5 hxg4 23.hxg4 Bxf5
24.gxf5 Bd8 25.Bf3 Bb6 26.Be3 Rh3 27.Bxb6 Rxf3 28.Qh4 Rxf1+ 29.Rxf1 Rxb6
30.Qh8+ Kd7 31.Qxg7+ Kd8 32.Qxf6+ Kc7 33.Rf2 Rb4 34.c4 a4 35.c5 Rxe4 36.cxd6+ Kb6
37.bxa4 Re1+ 38.Rf1 Qg8+ 39.Kf2 Nd3+  0-1

[Event "37th Trade Fair Open A"]
[Site "Brno CZE"]
[Date "2012.08.26"]
[Round "2"]
[White "Tsenov,Tsvetoslav"]
[Black "Gagarin,V"]
[Result "1/2-1/2"]
[WhiteElo "2141"]
[BlackElo "2372"]

1.e4 c5 2.Nf3 d6 3.d4 cxd4 4.Nxd4 Nf6 5.Nc3 a6 6.g3 e5 7.Nde2 b5 8.Bg2 Bb7
9.O-O Be7 10.h3 Nbd7 11.g4 b4 12.Nd5 Nxd5 13.exd5 O-O 14.Ng3 g6 15.Bh6 Re8
16.Qd2 a5 17.a3 Ba6 18.Rfc1 Qb6 19.Be3 Qb7 20.axb4 axb4 21.Ra4 Reb8 22.Rca1 Nf6
23.b3 Ne8 24.R1a2 Nc7 25.Qe1 Qb5 26.Ra5 Qe8 27.R2a4 Bb7 28.Qd2 Rxa5 29.Rxa5 Ba8
30.Bf1 Nb5 31.Qxb4 Nd4 32.Qc4 Rc8 33.Qd3 Bd8 34.Ra2 Bxd5 35.Bxd4 exd4 36.Qxd4 Bb7
37.Bg2 Bxg2 38.Kxg2 Qc6+ 39.Qe4 d5 40.Qf3 Bb6 41.Nf1 Qb5 42.Ne3 Bxe3 43.Qxe3 Qc6
44.Qf3 Qe6 45.Qd3 Qc6 46.f3 Qc5 47.Rb2 d4 48.b4 Qb6 49.Qe4 Rc3 50.Qe8+ Kg7
51.Qe5+ Kg8 52.Ra2 Qc6 53.Qe4 Qd6 54.Ra8+ Kg7 55.Ra5 Re3 56.Rd5 Qxb4  1/2-1/2

[Event "37th Trade Fair Open A"]
[Site "Brno CZE"]
[Date "2012.08.27"]
[Round "3"]
[White "Tsenov,Tsvetoslav"]
[Black "Vyskocil,N"]
[Result "1/2-1/2"]
[WhiteElo "2141"]
[BlackElo "2368"]

1.e4 c5 2.Nf3 d6 3.d4 cxd4 4.Nxd4 Nf6 5.Nc3 a6 6.g3 Bg4 7.f3 Bd7 8.Be3 e6
9.Qd2 Nc6 10.O-O-O b5 11.g4 h6 12.Kb1 Ne5 13.Qf2 b4 14.Nce2 Nc4 15.Nc1 Nxe3
16.Qxe3 Qb6 17.Bg2 Be7 18.Rhe1 g6 19.h3 Rc8 20.Bf1 a5 21.Rd2 Bd8 22.b3 Rc3
23.Qf2 O-O 24.Qg2 Be7 25.Nde2 Rc7 26.Nf4 e5 27.Nfd3 Rfc8 28.Nb2 Ne8 29.Nc4 Qa7
30.Bd3 Be6 31.Qg1 Rc5 32.Nb2 Qb7 33.Na4 R5c6 34.Qf1 Bg5 35.Rg2 Bf6 36.Bb5 d5
37.Bxc6 Qxc6 38.Nd3 Nc7 39.Ndc5 Nb5 40.Kb2 Nc3 41.Ka1 Bh4 42.Re3 Bg5 43.Re1 Bh4
44.Re3 Bg5 45.Re1 Bh4  1/2-1/2

[Event "40th Olympiad Open"]
[Site "Istanbul TUR"]
[Date "2012.09.06"]
[Round "9.60"]
[White "Harper,R"]
[Black "Fekadu,D"]
[Result "1-0"]
[WhiteElo "2222"]
[BlackElo "2149"]

1.e4 c5 2.Nf3 d6 3.d4 cxd4 4.Nxd4 Nf6 5.Nc3 a6 6.g3 e5 7.Nb3 Be6 8.Bg2 Be7
9.O-O Nbd7 10.a4 Rc8 11.h3 Qc7 12.a5 O-O 13.Be3 Rfe8 14.f4 g6 15.f5 gxf5
16.exf5 Bc4 17.Rf2 Kh8 18.g4 Rg8 19.g5 Ne8 20.Qh5 d5 21.Bxd5 Nef6 22.Qxf7 Rg7
23.Qe6 Nf8 24.Qb6 Bxd5 25.Qxc7 Rxc7 26.Kh2 Bc6 27.gxf6 Bxf6 28.Rg1 Rxg1 29.Kxg1 Rg7+
30.Kf1 Rg3 31.Ke2 Rxh3 32.Nd2 Nd7 33.Nde4 Bh4 34.Rf1 Nf6 35.Nd6 h5 36.Nf7+ Kg8
37.Nxe5 Ng4 38.Bf4 Nxe5 39.Bxe5 Kf7 40.Kd1 Bg3 41.Bxg3 Rxg3 42.Rf4 Rg2 43.Ne2 Kf6
44.Nd4 Bd5 45.Ke1 Rh2 46.Rf2 Rh1+ 47.Ke2 h4 48.Nf3 h3 49.Nh2 Rb1 50.b3 Ra1
51.Ke3 Rxa5 52.Kf4 Bg2 53.Ng4+ Kf7 54.Kg3 Rc5 55.c4 Rc8 56.f6 Rg8 57.Rf4 Rg5
58.Kh2 Rh5 59.Ne3 Re5 60.Ng4 Re6 61.Kg3 Re2 62.Nh6+ Kf8 63.Ng4 Rb2 64.Ne5 Rxb3+
65.Kh2 Re3 66.Ng6+ Kf7 67.Nh8+ Kf8 68.f7 Be4 69.Rf6 Bh7 70.Rd6 Rf3 71.Rd8+ Kg7
72.Ra8 Rxf7 73.Nxf7 Kxf7 74.Kxh3 Ke7 75.Kg3 Kd7 76.Rf8 Bd3 77.c5 Kc6 78.Rc8+ Kb5
79.Kf4 a5 80.Ke3 Bf5 81.Rc7 Ka6 82.Kd4 Bg4 83.Rg7 Bf3 84.Rg6+ Kb5 85.Rb6+ Ka4
86.Kc3 Bc6 87.Rb1 Be4 88.Rb2 Ka3 89.Rb3+ Ka2 90.Rb5 a4 91.Rb4 Bc6 92.Rb2+ Ka1
93.Rf2 Kb1 94.Rf1+ Ka2 95.Re1 Bd5 96.Rf1 Bc6 97.Rd1 Bf3 98.Rd4 Bc6 99.Rb4 Ka3
100.Rb2 Bd5 101.Re2 Bc6 102.Rd2 Bf3 103.Rd4 Bc6 104.Rd1 Ka2 105.Kb4 Kb2 106.Rd2+ Kc1
107.Rd6 Kc2 108.Rd4 Kb2 109.Rd3 Kc2 110.Rd6 Kb2 111.Rd8 Kc2 112.Rh8 Kd3 113.Rh4 Ke3
114.Kc3 Ke2 115.Rh3 Bd5 116.Rd3 Bc6 117.Rd6 Ke3 118.Re6+ Kf4 119.Kd4 Kf3
120.Re7 Kf2 121.Kd3 Kf3 122.Rf7+ Kg4 123.Kc3 Kg5 124.Rf1 Kg6 125.Kd4 Kg5
126.Ke5 Kg4 127.Rf6 Kg3 128.Rf4 Kg2 129.Kd4 Kg3 130.Ke3 a3 131.Rf1 a2 132.Kd4 Bd7
133.Kc3 Kg2 134.Rd1 Bc6 135.Kb2 Kf3 136.Kxa2 Ke4 137.Kb3 Bd5+ 138.Kb4 Ke5
139.Re1+ Kd4 140.Re7 Bc6 141.Re6 Kd5 142.Rd6+ Ke5 143.Ka5  1-0

[Event "TCh-NED Meesterklasse 2012-13"]
[Site "Netherland NED"]
[Date "2012.09.15"]
[Round "1.3"]
[White "Van der Weide,K"]
[Black "Kleijn,C"]
[Result "0-1"]
[WhiteElo "2451"]
[BlackElo "2418"]

1.e4 c5 2.Nf3 d6 3.d4 cxd4 4.Nxd4 Nf6 5.Nc3 a6 6.g3 e5 7.Nde2 Nbd7 8.Bg2 b5
9.O-O Bb7 10.h3 h5 11.a4 b4 12.Nd5 Nxd5 13.exd5 Be7 14.Bd2 a5 15.c3 bxc3
16.Nxc3 h4 17.g4 Ba6 18.Nb5 O-O 19.Re1 Qb8 20.Nd4 exd4 21.Rxe7 Ne5 22.Bxa5 Qxb2
23.Bc7 Be2 24.Qb1 Qc3 25.Bxd6 Nf3+ 26.Kh1 d3 27.Re3 Rfe8 28.Rxf3 Bxf3 29.Bxf3 d2
30.Kg2 Re1 31.Qb4 Qxa1 32.Qxd2 Rh1  0-1

[Event "US Chess League 2012"]
[Site "ICC INT"]
[Date "2012.09.19"]
[Round "3"]
[White "Ivanov,AV USA"]
[Black "Vovsha,E"]
[Result "1-0"]
[WhiteElo "2530"]
[BlackElo "2483"]

1.e4 c5 2.Nf3 d6 3.d4 cxd4 4.Nxd4 Nf6 5.Nc3 a6 6.g3 e6 7.Bg2 Be7 8.O-O Qc7
9.Be3 O-O 10.g4 Nc6 11.g5 Nd7 12.f4 Re8 13.a4 Bf8 14.Kh1 Na5 15.Qd3 b6 16.Bg1 Bb7
17.Qh3 Nc6 18.f5 Nxd4 19.Bxd4 exf5 20.exf5 Ne5 21.Rad1 Bxg2+ 22.Qxg2 Rac8
23.Rd2 b5 24.axb5 axb5 25.Nd5 Qc6 26.b3 Kh8 27.h3 Qb7 28.Rf4 Nc6 29.Bf2 Ne7
30.Nb4 Qxg2+ 31.Kxg2 Nc6 32.Nd5 Re5 33.Nb6 Rce8 34.Nd7 R5e7 35.Nxf8 Rxf8
36.Rxd6 Rc8 37.f6 Re2 38.c4 b4 39.Rf5 Re6 40.fxg7+ Kxg7 41.Rxe6 fxe6 42.Rc5 Kg6
43.Be1 e5 44.Bxb4 Kxg5 45.Bc3 Kf4 46.Bxe5+ Ke4 47.Bg3 Kd4 48.b4 Ne7 49.Bf2+ Kc3
50.Rxc8 Nxc8 51.Bc5 Kxc4 52.Kf3  1-0

[Event "3rd Copa Latino-Americana"]
[Site "Cali COL"]
[Date "2012.10.06"]
[Round "4.22"]
[White "Contreras,H"]
[Black "Diaz,C"]
[Result "1-0"]
[WhiteElo "2220"]
[BlackElo "1950"]

1.e4 c5 2.Nf3 d6 3.d4 cxd4 4.Nxd4 Nf6 5.Nc3 a6 6.g3 e5 7.Nde2 b5 8.Bg5 Be7
9.Bxf6 Bxf6 10.Nd5 Nd7 11.a4 bxa4 12.Rxa4 Nc5 13.Ra2 Bb7 14.Nec3 Bg5 15.h4 Bh6
16.Bc4 Ne6 17.Qh5 O-O 18.b3 a5 19.f4 exf4 20.g4 f6 21.g5 fxg5 22.hxg5 Qxg5
23.Qxg5 Nxg5 24.Nc7+ Kh8 25.Nxa8 Rxa8 26.Bd5 Bxd5 27.exd5 Nf3+ 28.Kf2 Nd4
29.b4 f3 30.bxa5 Bd2 31.a6 Bxc3 32.Rb1 Nf5 33.a7 Bd4+ 34.Kxf3 Bxa7 35.Rxa7 Re8
36.Re1 Nd4+ 37.Kg2 Rf8 38.c4 Nb5 39.Rf7 Kg8 40.Rxf8+ Kxf8 41.c5 Nd4 42.c6  1-0

[Event "US Chess League 2012"]
[Site "ICC INT"]
[Date "2012.10.09"]
[Round "6"]
[White "Ivanov,AV USA"]
[Black "Schroer,J"]
[Result "1/2-1/2"]
[WhiteElo "2530"]
[BlackElo "2353"]

1.e4 c5 2.Nf3 d6 3.d4 cxd4 4.Nxd4 Nf6 5.Nc3 a6 6.g3 e5 7.Nde2 b5 8.Bg5 Nbd7
9.Nd5 Bb7 10.Bxf6 Nxf6 11.Nxf6+ Qxf6 12.Nc3 d5 13.Nxd5 Bxd5 14.Qxd5 Rd8 15.Bxb5+ axb5
16.Qxb5+ Rd7 17.O-O Bd6 18.c4 Ke7 19.c5 Bc7 20.Rad1 Rhd8 21.Rxd7+ Rxd7 22.b4 h5
23.c6 Rd2 24.Qb7 Qd6 25.b5 Rb2 26.a4 Kf6 27.h4 g6 28.Qa7 Kg7 29.Qe3 Qd4 30.Qxd4 exd4
31.Ra1 Kf6 32.f4 Ke6 33.Kf1 Kd6 34.Rd1 Kc5 35.Rc1+ Kb6 36.Rc4 d3 37.Rd4 Ra2
38.Rxd3 Rxa4 39.e5 Kxb5 40.Rd7 Kxc6 41.Rxf7 Ra1+ 42.Kg2 Ra6 43.Rg7 Kb7 44.Kf3 Ra3+
45.Kg2 Ra6 46.Kf3 Ra3+ 47.Kg2 Ra6  1/2-1/2

[Event "FSFMB October 2012"]
[Site "Budapest HUN"]
[Date "2012.10.12"]
[Round "6.5"]
[White "Lukacs,Albert"]
[Black "Goldie,Thomas"]
[Result "0-1"]
[WhiteElo "1859"]
[BlackElo "1722"]

1.e4 c5 2.Nf3 d6 3.Nc3 Nf6 4.d4 cxd4 5.Nxd4 a6 6.g3 e6 7.Bg2 Be7 8.O-O O-O
9.Re1 Nbd7 10.h3 Qc7 11.f4 Rb8 12.Kh2 Nb6 13.e5 dxe5 14.fxe5 Nfd7 15.Bf4 Nc5
16.Qe2 Nba4 17.Nd5 exd5 18.e6 Bd6 19.exf7+ Kh8 20.Bxd6 Qxd6 21.Qe7 Qxe7 22.Rxe7 Nb6
23.Rf1 Bd7 24.b4 Ne4 25.c4 Nd2 26.Rf2 Ndxc4 27.Bxd5 Nxd5 28.Rxd7 Nf6 29.Rc7 Nd6
30.g4 Rxf7 31.Rxf7 Nxf7 32.Ne6 Ne5 33.g5 Nfg4+ 34.hxg4 Nxg4+ 35.Kg3 Nxf2
36.Kxf2  0-1